Molecular aspects of symmetry / (Record no. 69698)
[ view plain ]
| 000 -LEADER | |
|---|---|
| fixed length control field | 00751nam a2200253 a 4500 |
| 001 - CONTROL NUMBER | |
| control field | 69698 |
| 003 - CONTROL NUMBER IDENTIFIER | |
| rucl marc code | BD-RjUL |
| 005 - DATE AND TIME OF LATEST TRANSACTION | |
| control field | 20211209081921.0 |
| 008 - FIXED-LENGTH DATA ELEMENTS--GENERAL INFORMATION | |
| fixed length control field | 170413s1966 nyua b 001 0 eng d |
| 035 ## - SYSTEM CONTROL NUMBER | |
| System control number | (BD-RjUL) 69910 |
| 040 ## - CATALOGING SOURCE | |
| Original cataloging agency | DLC |
| Transcribing agency | DLC |
| Modifying agency | BD-RjUL |
| Language of cataloging | eng |
| 041 ## - LANGUAGE CODE | |
| Language code of text/sound track or separate title | eng |
| 082 00 - DEWEY DECIMAL CLASSIFICATION NUMBER | |
| Classification number | 541.22 |
| Edition number | 23 |
| Author mark and year | HOM 1966 |
| 100 1# - MAIN ENTRY--PERSONAL NAME | |
| Personal name | Hochstrasser, Robin M. |
| 9 (RLIN) | 206445 |
| 245 10 - TITLE STATEMENT | |
| Title | Molecular aspects of symmetry / |
| Statement of responsibility, etc. | [by] Robin M. Hochstrasser. |
| 260 ## - PUBLICATION, DISTRIBUTION, ETC. (IMPRINT) | |
| Place of publication, distribution, etc. | New York : |
| Name of publisher, distributor, etc. | W. A. Benjamin, |
| Date of publication, distribution, etc. | c1966. |
| 300 ## - PHYSICAL DESCRIPTION | |
| Pagination | xiii, 355 p. : |
| Illustrations | ill. ; |
| Size | 24 cm. |
| 504 ## - BIBLIOGRAPHY, ETC. NOTE | |
| Bibliography, etc | Bibliography: p. 330-331 & Index, |
| 650 #0 - SUBJECT ADDED ENTRY--TOPICAL TERM | |
| Topical term or geographic name as entry element | Molecular theory. |
| 9 (RLIN) | 200995 |
| Topical term or geographic name as entry element | Symmetry (Physics) |
| 9 (RLIN) | 206446 |
| Topical term or geographic name as entry element | Group theory. |
| 9 (RLIN) | 206447 |
| 942 ## - ADDED ENTRY ELEMENTS (KOHA) | |
| Source of classification or shelving scheme | Dewey Decimal Classification |
| Koha item type | Books |
| Lost status | Source of classification or shelving scheme | Damaged status | Not for loan | Collection code | Permanent Location | Current Location | Shelving location | Date acquired | Source of acquisition | Cost, normal purchase price | Total Checkouts | Full call number | Date last seen | Copy number | Koha item type |
|---|---|---|---|---|---|---|---|---|---|---|---|---|---|---|---|
| Dewey Decimal Classification | Not For Loan | Non-fiction | Central Library, University of Rajshahi | Central Library, University of Rajshahi | Reading Room | 04/08/1970 | Zeitlinger | 152.00 | 541.22 HOM 1966 | 13/04/2017 | C-1 | Books |